[Event "St Lorrain Masters-B"]
[Site "St Lorrain"]
[Date "1999.??.??"]
[Round "?"]
[White "Toulzac, Pierre Yves"]
[Black "Tagnon, Nicole"]
[Result "1/2-1/2"]
[WhiteElo "2265"]
[BlackElo "2100"]

1.d4 Nf6 2.c4 e6 3.Nf3 c5 4.d5 exd5 5.cxd5 d6 6.Nc3 g6 7.h3 a6 8.a4 Qe7 9.Nd2 Nbd7
10.Nc4 Ne5 11.Nb6 Rb8 12.e3 Bg7 13.Be2 O-O 14.O-O Ned7 15.Nxc8 Rfxc8 16.a5 Ne4
17.Nxe4 Qxe4 18.Ra4 Qe7 19.Qc2 Re8 20.b3 b5 21.axb6 Nxb6 22.Rxa6 Nxd5 23.Qd2 Nc3
24.Bf3 d5 25.Bb2 d4 26.exd4 cxd4 27.Ba3 Qd8 28.Kh1 Rxb3 29.Qd3 Rb6 30.Ra7 Qf6
31.Bc5 Rbe6 32.g3 Qe5 33.Bb4 Qb5 34.Qxb5 Nxb5 35.Rd7 Nc3 36.Kg2 Rc8 37.Bg4 Rb6
38.Be7 h5 39.Bf3 Re8 40.Bc5 Rb2 41.Bxd4 Bxd4 42.Rxd4 Re7 43.Rc1 Ne2 44.Rc8+ Kg7
45.Rdd8 Rb1 46.Rc2 Rg1+ 47.Kh2 Rf1 48.Kg2 Rg1+ 49.Kh2 Rf1  1/2-1/2

[Event "White Nights op"]
[Site "St Petersburg"]
[Date "1999.??.??"]
[Round "4"]
[White "Kryschilovskij, Andrej"]
[Black "Ballo, Emanuel"]
[Result "1-0"]
[WhiteElo "2391"]
[BlackElo "2189"]

1.Nf3 c5 2.c4 Nf6 3.d4 e6 4.d5 exd5 5.cxd5 d6 6.Nc3 g6 7.Bg5 Bg7 8.e3 O-O
9.Nd2 Nbd7 10.Be2 Re8 11.O-O a6 12.a4 Qc7 13.h3 b6 14.e4 Rb8 15.Bh4 Bb7 16.Rc1 Qd8
17.f4 Qe7 18.Qc2 Qf8 19.Rfe1 Kh8 20.Bg3 Ng8 21.Bg4 Ngf6 22.Bf3 Ng8 23.Nc4 f6
24.Bg4 Bc8 25.Bxd7 Bxd7 26.f5  1-0

[Event "SVK-chT 9899"]
[Site "SVK"]
[Date "1999.??.??"]
[Round "5"]
[White "Hanko, Pavel"]
[Black "Motuz, Karol"]
[Result "1-0"]
[WhiteElo "2210"]
[BlackElo "2275"]

1.d4 Nf6 2.Nf3 c5 3.d5 e6 4.c4 exd5 5.cxd5 d6 6.Nc3 g6 7.e4 Bg7 8.Be2 O-O
9.Bg5 h6 10.Bh4 Re8 11.Nd2 a6 12.a4 Nbd7 13.O-O Qc7 14.Qc2 Ne5 15.f4 Neg4
16.Nc4 Nh7 17.h3 Bd4+ 18.Kh1 Ne3 19.Nxe3 Bxe3 20.Qd3 Bd4 21.Rae1 Bd7 22.Bg4 Bxg4
23.hxg4 Rab8 24.Bf2 Bg7 25.Bg3 c4 26.Qd1 Rbd8 27.Bf2 Qd7 28.a5 Nf6 29.Bb6 Rc8
30.e5 dxe5 31.fxe5 Nh7 32.e6 fxe6 33.dxe6 Qxd1 34.Nxd1 Ng5 35.e7 Rc6 36.Nc3 Bxc3
37.bxc3 Re6 38.Bc5 Rxe1 39.Rxe1 Kf7 40.Bb4 Kf6 41.Rf1+ Ke6 42.Rf8 Kd7 43.Rf6 Ne6
44.Rxg6 Nf4 45.Rxh6 Nd3 46.Ba3 Ne5 47.g5 Nc6 48.g6 Rg8 49.Rh4 Rxg6 50.Rxc4 Re6
51.Rh4 Re1+ 52.Kh2 Nxa5 53.Rd4+  1-0

[Event "SVK-chT1E 9899"]
[Site "SVK"]
[Date "1999.??.??"]
[Round "5"]
[White "Likavsky, Tomas"]
[Black "Mesiarik, Rudolf"]
[Result "1/2-1/2"]
[WhiteElo "2280"]
[BlackElo "2270"]

1.d4 Nf6 2.Nf3 c5 3.d5 e6 4.c4 exd5 5.cxd5 d6 6.Nc3 g6 7.e4 Bg7 8.Be2 O-O
9.O-O Re8 10.Qc2 a6 11.a4 Bg4 12.h3 Bxf3 13.Bxf3 Nbd7 14.Bd2 c4 15.b4 cxb3
16.Qxb3 Nc5 17.Qb1 Nfxe4 18.Nxe4 Nxe4 19.Bxe4 Bxa1 20.Bxg6 hxg6 21.Qxa1 Qh4  1/2-1/2

[Event "Tampere op2"]
[Site "Tampere"]
[Date "1999.??.??"]
[Round "4"]
[White "Luukkonen, Tommi"]
[Black "Hamalainen, Sami"]
[Result "1-0"]
[WhiteElo "2155"]
[BlackElo "2122"]

1.d4 Nf6 2.Nf3 e6 3.c4 c5 4.d5 exd5 5.cxd5 d6 6.Nc3 g6 7.e4 Bg7 8.Be2 O-O
9.O-O a6 10.a4 Re8 11.Qc2 Bg4 12.h3 Bxf3 13.Bxf3 Nbd7 14.Bf4 Ne5 15.Be2 Nfd7
16.a5 Rc8 17.Bd2 c4 18.Na4 Nc5 19.Nb6 Rc7 20.Bc3 Ned7 21.Bxg7 Kxg7 22.Nxd7 Qxd7
23.f3 Qc8 24.g4 Kg8 25.Qc3 Nb3 26.Ra4 Rc5 27.Bd1 Qc7 28.h4 Qe7 29.h5 gxh5
30.gxh5 Qe5 31.Qxe5 Rxe5 32.Bxb3 Rg5+ 33.Kf2 cxb3 34.h6 Rc2+ 35.Ke3 Rxb2
36.Rb4 Rg6 37.Rh1 Ra2 38.Rxb7 Kf8 39.Rxb3 Rxa5 40.Rh5 Ra2 41.Rf5 Rxh6 42.Rb7 f6
43.Rd7 Ra3+ 44.Kf4 Rh4+ 45.Kg3 Rxe4 46.Rxd6 Ree3 47.Rdxf6+ Ke7 48.d6+ Kd7
49.Rh5 Re6  1-0

[Event "RUS-Cup"]
[Site "Tula "]
[Date "1999.??.??"]
[Round "3"]
[White "Evseev, Denis"]
[Black "Kostin, Alexey"]
[Result "1/2-1/2"]
[WhiteElo "2503"]
[BlackElo "2393"]

1.d4 Nf6 2.Nf3 c5 3.d5 e6 4.c4 exd5 5.cxd5 d6 6.Nc3 g6 7.g3 Bg7 8.Bg2 O-O
9.O-O Bg4 10.Nd2 Qd7 11.f3 Bh3 12.e4 Bxg2 13.Kxg2 b5 14.a4 b4 15.Ne2 Qe7
16.g4 Nbd7 17.Ng3 Rac8 18.g5 Ne8 19.Nc4 Ne5 20.Qe2 Nxc4 21.Qxc4 f5 22.exf5 gxf5
23.Rf2 f4 24.Ne4 Rf5 25.Bd2 Bxb2 26.Re1 Qf7 27.Bxb4 Bd4 28.Rd2 Rb8 29.Bc3 Rxd5
30.Kh1 Bxc3 31.Rxd5 Bxe1 32.g6 hxg6 33.Ng5 Rb4 34.Qa2 Rb2 35.Qc4 Rc2 36.Qe4 Re2
37.Qxe2 Qxd5 38.Qxe8+ Kg7 39.Qe7+ Kh6 40.Qf6 Bc3 41.Nf7+ Kh5 42.Qxc3 Qxf7
43.Qh8+ Kg5 44.Qd8+ Qf6 45.Qc8 Qa1+ 46.Kg2 Qb2+ 47.Kh3 Qe5 48.Qd8+ Qf6 49.Qg8 Kf5
50.Qa8 a5 51.Qxa5 Qh8+ 52.Kg2 Qb2+ 53.Kf1 Qc1+ 54.Kg2 Qc2+ 55.Kg1 Qd1+ 56.Kf2 Qh1
57.Qa8 Qxh2+ 58.Kf1  1/2-1/2

[Event "RUS-Cup"]
[Site "Tula "]
[Date "1999.??.??"]
[Round "6"]
[White "Malaniuk, Vladimir P"]
[Black "Zakharov, Alexander S"]
[Result "1/2-1/2"]
[WhiteElo "2552"]
[BlackElo "2430"]

1.d4 Nf6 2.Nf3 c5 3.d5 e6 4.c4 exd5 5.cxd5 d6 6.Nc3 g6 7.h3 Bg7 8.e4 O-O
9.Bd3 a6 10.a4 Nbd7 11.O-O Nh5 12.Bg5 Bf6 13.Be3 Re8 14.Re1 Rb8 15.Nd2 Bd4
16.Nf3 Bxe3 17.Rxe3 Qf6 18.Bf1 Ne5 19.Nxe5 Qxe5 20.Rb1 Bd7 21.b4 cxb4 22.Rxb4 Rbc8
23.Qb3 b5 24.axb5 axb5 25.Qb2 Nf6 26.Bxb5 Bxb5 27.Rxb5 Rc4 28.Rb4 Rec8 29.Rxc4 Rxc4
30.g3 Nxe4 31.Qb8+ Kg7 32.Rxe4 Rxe4 33.Nxe4 Qxe4 34.Qxd6 Qe1+ 35.Kg2 Qe4+
36.Kh2 Qd4 37.Kg1 h5 38.h4 Qd1+ 39.Kg2 Qd4 40.Qc6 Qe4+ 41.Kh2 Qd4 42.Kg1 Qd1+
43.Kg2 Qd4 44.d6 Kf6 45.Qc7 Qe4+ 46.Kh2 Qd4 47.Kg2 Qd5+ 48.Kg1 Qd1+ 49.Kh2 Qd4  1/2-1/2

[Event "Zagreb op"]
[Site "Zagreb"]
[Date "1999.??.??"]
[Round "9"]
[White "Sitnik, Igor"]
[Black "Sale, Srdjan"]
[Result "0-1"]
[WhiteElo "2312"]
[BlackElo "2415"]

1.d4 Nf6 2.c4 e6 3.Nc3 c5 4.d5 exd5 5.cxd5 d6 6.Nf3 g6 7.Nd2 Bg7 8.e4 O-O
9.Be2 Na6 10.O-O Nc7 11.a4 b6 12.f4 Re8 13.Re1 Rb8 14.Ra3 a6 15.Bf3 b5 16.axb5 axb5
17.Ra1 h5 18.h3 Nd7 19.Nb3 Qh4 20.Be3 b4 21.Na4 Ra8 22.e5 Nb5 23.e6 Nf8 24.Qd3 Nc7
25.Qd2 fxe6 26.dxe6 Ra6 27.Be2 Rxa4 28.Rxa4 Bxe6 29.Bf2 Qf6 30.Na5 Nd5 31.Bf3 Nxf4
32.Bc6 Rc8 33.Be3 g5 34.b3 Bf7 35.Rf1 Qe5 36.Bf3 Re8 37.Bf2 d5 38.Bxc5 N8e6
39.Nc6 Qc3 40.Qxc3 bxc3 41.Bf2 Bg6 42.Re1 c2 43.Nb4 d4 44.Nxc2 Bxc2 45.g3 Nxh3+
46.Kg2 Nxf2 47.Bd5 d3 48.Rxe6 Rxe6 49.Bxe6+ Kf8 50.Bf5 Bxb3 51.Ra8+ Ke7 52.Ra7+ Kf6
53.Rd7 Kxf5 54.Kxf2 Ke4 55.Rxg7 d2 56.Re7+ Kf5 57.Rd7 d1=Q 58.Rxd1 Bxd1  0-1

[Event "Zaragoza op 11th"]
[Site "Zaragoza"]
[Date "1999.??.??"]
[Round "3"]
[White "Garza Marco, Sergio"]
[Black "Suba, Mihai"]
[Result "1/2-1/2"]
[WhiteElo "2255"]
[BlackElo "2530"]

1.d4 Nf6 2.c4 e6 3.Nf3 c5 4.d5 d6 5.Nc3 exd5 6.cxd5 g6 7.h3 a6 8.a4 Qe7 9.Bg5 h6
10.Bh4 Nbd7 11.e3 Bg7 12.Nd2 O-O 13.Bd3 Rb8 14.O-O Ne5 15.Be2 g5 16.Bg3 Ne8
17.f4 Nd3 18.Bxd3 Qxe3+ 19.Kh2 Qxd3 20.fxg5 Bxc3 21.bxc3 hxg5 22.Nf3 Qxd1
23.Raxd1 f6 24.Rde1 b5 25.axb5 axb5 26.Rxe8 Rxe8 27.Bxd6 Ra8 28.Bxc5 Ra2
29.Nd4 Re3 30.Rxf6 Rxh3+ 31.Kg1 Rg3 32.Rf8+ Kh7 33.Rxc8 Rgxg2+ 34.Kf1 Rgf2+
35.Kg1 Rfd2 36.Rf8 g4 37.d6 g3 38.d7 g2 39.Rh8+ Kg6 40.Rg8+ Kh7 41.Rh8+ Kg6
42.Rg8+  1/2-1/2

[Event "Zaragoza op 11th"]
[Site "Zaragoza"]
[Date "1999.??.??"]
[Round "7"]
[White "Sanz Arilla, Luis"]
[Black "Vehi Bach, Victor Manuel"]
[Result "1/2-1/2"]
[WhiteElo "2055"]
[BlackElo "2390"]

1.d4 Nf6 2.c4 e6 3.Nf3 c5 4.d5 d6 5.Nc3 exd5 6.cxd5 g6 7.e4 a6 8.a4 Bg4 9.Be2 Bxf3
10.Bxf3 Nbd7 11.O-O Bg7 12.Bf4 Qe7 13.Re1 O-O 14.Qd2 Ne8 15.Bd1 Nc7 16.a5 Nb5
17.Ba4 Nd4 18.Bxd7 Qxd7 19.Ra3 f5 20.e5 dxe5 21.Bxe5 Bxe5 22.Rxe5 f4 23.Ne2 Rae8
24.Rxe8 Rxe8 25.Nxd4 cxd4 26.h3 Qxd5 27.Rd3 Rd8 28.Qxf4 Qxa5 29.Rxd4 Qe1+
30.Kh2 Rf8 31.Qc7 Qxf2 32.Rd7 Rf7 33.Qb8+ Kg7 34.Qxb7 Qf4+  1/2-1/2

[Event "VII Anibal Open"]
[Site "Linares ESP"]
[Date "2000.01.14"]
[Round "8"]
[White "Skembris,S"]
[Black "Reinaldo Castineira,R"]
[Result "1/2-1/2"]
[WhiteElo "2477"]
[BlackElo "2325"]

1.d4 Nf6 2.c4 e6 3.Nf3 c5 4.d5 exd5 5.cxd5 d6 6.Nc3 g6 7.e4 Bg7 8.Bb5+ Bd7
9.a4 a6 10.Be2 Bg4 11.Nd2 Bxe2 12.Qxe2 Nfd7 13.a5 O-O 14.O-O b5 15.axb6 Nxb6
16.Nc4 Re8 17.Bg5 Qc7 18.Bf4 Nxc4 19.Qxc4 Ra7 20.Qa4 Re7 21.e5 dxe5 22.d6 Qxd6
23.Rfd1 Qb6 24.Nd5 Qe6 25.Nxe7+ Qxe7 26.Bg5 Qxg5 27.Qe8+ Bf8 28.Qxb8 Qe7
29.Rd8 Rd7 30.Rxd7 Qxd7 31.Qxe5 Qb5 32.Re1 h5 33.g3 a5 34.Rd1 Bg7 35.Rd8+ Kh7
36.Qd5 a4 37.Ra8 Qb3 38.Qc6 Bd4 39.Ra7 Kg7 40.Rb7 Qd1+ 41.Kg2 Bxf2 42.Kxf2 Qd2+
43.Kf3 Qd3+  1/2-1/2

[Event "Perenyi Mem"]
[Site "Gyula HUN"]
[Date "2000.02.03"]
[Round "12"]
[White "Li Wenliang"]
[Black "Zhang Pengxiang"]
[Result "1/2-1/2"]
[WhiteElo "2444"]
[BlackElo "2562"]

1.d4 Nf6 2.c4 c5 3.d5 e6 4.Nc3 exd5 5.cxd5 d6 6.Nf3 g6 7.e4 Bg7 8.h3 O-O
9.Bd3 b5 10.Nxb5 Re8 11.Nd2 Nxe4 12.Bxe4 Ba6 13.a4 Qa5 14.Nxd6 Nd7 15.Qc2 f5
16.Kd1 fxe4 17.N2c4 Qd8 18.Nxe8 Qxe8 19.Ra3 Qf7 20.Nd2 Re8 21.Re3 Bd3 22.Rxd3 exd3
23.Qxd3 Ne5 24.Qb5 a6 25.Qe2  1/2-1/2

[Event "FSIMA January"]
[Site "Budapest HUN"]
[Date "2000.02.05"]
[Round "1"]
[White "Szeberenyi,A"]
[Black "Parkanyi,A"]
[Result "0-1"]
[WhiteElo "2257"]
[BlackElo "2362"]

1.d4 Nf6 2.c4 e6 3.Nf3 c5 4.d5 exd5 5.cxd5 d6 6.Nc3 g6 7.e4 Bg7 8.h3 O-O
9.Bd3 Na6 10.O-O Nc7 11.Re1 Re8 12.a4 b6 13.Bf4 Ba6 14.Bxa6 Nxa6 15.e5 dxe5
16.Nxe5 Nb4 17.d6 Nd7 18.Nxd7 Rxe1+ 19.Qxe1 Qxd7 20.Rd1 Bd4 21.Ne4 Nd5 22.Be3 Qxa4
23.Bxd4 cxd4 24.b3 Qe8 25.Rxd4 f5 26.d7 Qe7 27.Nf6+ Qxf6 28.Rxd5 Kf7 29.Qc1 Rd8
30.Qc7 a6 31.Rd6 Qa1+ 32.Kh2 Qe5+ 33.g3 Ke7 34.Rc6 Qxc7 35.Rxc7 Kd6 36.Rc2 Rxd7
37.g4 fxg4 38.hxg4 Rc7 39.Rd2+ Ke5 40.Rd3 a5 41.Kg3 b5 42.Re3+ Kd4 43.Kf4 Rf7+
44.Kg3 g5 45.Re8 Ra7 46.Rb8 a4  0-1

[Event "NED-chT"]
[Site "Amsterdam NED"]
[Date "2000.02.06"]
[Round "2"]
[White "Van der Vliet,F"]
[Black "Bezemer,A"]
[Result "0-1"]
[WhiteElo "2356"]
[BlackElo "2239"]

1.d4 Nf6 2.c4 c5 3.d5 e6 4.Nc3 exd5 5.cxd5 d6 6.Nf3 g6 7.Bf4 Bg7 8.Qa4+ Bd7
9.Qb3 b5 10.Nxb5 Qa5+ 11.Nc3 Nxd5 12.Qxd5 Bxc3+ 13.Nd2 Bxd2+ 14.Bxd2 Qb6
15.Bc3 O-O 16.O-O-O Nc6 17.Qf3 Nb4 18.Kb1 d5 19.Bxb4 Qxb4 20.Qc3 Qf4 21.e3 d4
22.Qd2 Bf5+ 23.Ka1 Qe5 24.f3 Rfe8 25.g4 Be6 26.Bg2 Qd5 27.Qa5 Rab8 28.e4 Qc4
29.Bf1 Qc2 30.Rb1 c4 31.Qc5 Rxb2 32.Rxb2 Qc1+ 33.Rb1 Qc3+ 34.Rb2 Rb8  0-1

[Event "Goodricke Open"]
[Site "Calcutta IND"]
[Date "2000.02.16"]
[Round "11"]
[White "Babu,NS"]
[Black "Mirzoev,A"]
[Result "1-0"]
[WhiteElo "2336"]
[BlackElo "2438"]

1.d4 Nf6 2.c4 e6 3.Nf3 c5 4.d5 exd5 5.cxd5 d6 6.Nc3 g6 7.Bg5 h6 8.Bh4 Nbd7
9.a4 a6 10.h3 Bg7 11.e4 O-O 12.Nd2 Re8 13.Be2 g5 14.Bg3 Ne5 15.h4 Nfd7 16.hxg5 hxg5
17.Nf1 Nf8 18.Ne3 Nfg6 19.Kf1 Bd7 20.Ra3 Nf4 21.Bxf4 gxf4 22.Nf5 Bxf5 23.exf5 Nd7
24.Bf3 Be5 25.Qd2 b5 26.axb5 axb5 27.Nxb5 Rb8 28.Be2 Rb6 29.g3 fxg3 30.f4 g2+
31.Kxg2 Bg7 32.Rg3 Nf6 33.Nc3 Qb8 34.Rb1 Kf8 35.Bf3 Qb7 36.Kh1 Rb8 37.Rxg7 Kxg7
38.Qh2 Rg8 39.Rg1+ Kf8 40.Qh6+ Ke8 41.Qxf6 Rxg1+ 42.Kxg1 Qe7 43.Qh8+ Qf8
44.Qh7 Rxb2 45.f6 Rb3 46.Qf5 Kd8 47.Bg4 Kc7 48.Qd7+ Kb6 49.Nb5  1-0

[Event "ch-Serbia"]
[Site "Kragujevac YUG"]
[Date "2000.02.19"]
[Round "1"]
[White "Bodiroga,P"]
[Black "Popovic,Dj"]
[Result "1-0"]
[WhiteElo "2439"]
[BlackElo "2313"]

1.d4 Nf6 2.c4 e6 3.Nf3 c5 4.d5 exd5 5.cxd5 d6 6.Nc3 g6 7.h3 Bg7 8.e4 O-O
9.Bd3 Nbd7 10.O-O Ne8 11.Bg5 f6 12.Be3 Ne5 13.Nxe5 fxe5 14.Qd2 a6 15.a3 Nf6
16.Be2 Bd7 17.b4 cxb4 18.axb4 Qe7 19.g4 Rac8 20.f3 Ne8 21.b5 axb5 22.Nxb5 h5
23.Kg2 hxg4 24.hxg4 Bxb5 25.Bxb5 Nc7 26.Be2 Ra8 27.Rfb1 Na6 28.Ra5 Nc5 29.Rab5 Rf7
30.Bxc5 dxc5 31.d6 Qh4 32.Rh1 Qf6 33.g5 Qe6 34.Rxc5 Qd7 35.Bc4 Kf8 36.Bxf7 Qxf7
37.Rc7 Qe6  1-0

[Event "Masters"]
[Site "Monaco MNC"]
[Date "2000.02.22"]
[Round "2"]
[White "Flear,C"]
[Black "Olivier,JC"]
[Result "0-1"]
[WhiteElo "2264"]
[BlackElo "2356"]

1.d4 Nf6 2.Nf3 e6 3.c4 c5 4.d5 exd5 5.cxd5 d6 6.Nc3 g6 7.g3 Bg7 8.Bg2 O-O
9.O-O Qe7 10.h3 h6 11.Nd2 Nbd7 12.Nc4 Ne5 13.Nxe5 Qxe5 14.Bf4 Qe7 15.g4 a6
16.e4 Nd7 17.Bg3 g5 18.f4 gxf4 19.Bxf4 Ne5 20.Qd2 Kh7 21.Ne2 c4 22.Be3 Nd3
23.Rab1 b5 24.Nf4 Nxb2 25.Bd4 Bxd4+ 26.Qxd4 Na4 27.Rf2 Qe5 28.Qxe5 dxe5 29.Nh5 Nc5
30.Rf6 Nd7 31.Rc6 f6 32.Rf1 Kg6 33.Rc7 Rb8 34.Ng3 Rb7 35.Rc6 Rb6 36.Rc7 Rb7
37.Rc6 Nb8 38.Rc5 Bd7 39.Nf5 a5 40.h4 Na6 41.Rc6 Bxc6 42.dxc6 Rc7 43.Rc1 Nb4
44.a4 bxa4 45.Rxc4 a3 46.Rc1 a2 47.Ra1 Kh7  0-1

[Event "16th open"]
[Site "Cappelle La Grande FRA"]
[Date "2000.02.23"]
[Round "6"]
[White "Mohandesi,S"]
[Black "Degraeve,JM"]
[Result "0-1"]
[WhiteElo "2304"]
[BlackElo "2498"]

1.d4 Nf6 2.Nf3 e6 3.c4 c5 4.d5 exd5 5.cxd5 d6 6.Nc3 g6 7.e4 Bg7 8.Bd3 O-O
9.h3 Bd7 10.O-O b5 11.a3 c4 12.Bc2 Na6 13.Bf4 Qb6 14.e5 dxe5 15.Nxe5 Rad8
16.Qf3 Nc5 17.Rad1 a5 18.Bg5 h6 19.Bh4 Rde8 20.Rfe1 b4 21.axb4 axb4 22.Nb1 b3
23.Nxc4 Rxe1+ 24.Rxe1 Qb4 25.Nbd2 bxc2 26.Rc1 Bf5 27.g4 Nd3 28.Rxc2 Ne1 29.Qc3 Nxc2  0-1

[Event "Open"]
[Site "Cannes FRA"]
[Date "2000.02.24"]
[Round "5"]
[White "Petit,E"]
[Black "Laruelle,J"]
[Result "1-0"]
[WhiteElo "2265"]
[BlackElo "2116"]

1.d4 Nf6 2.c4 e6 3.Nc3 c5 4.d5 exd5 5.cxd5 d6 6.Nf3 g6 7.Nd2 Bg7 8.Nc4 O-O
9.Bg5 h6 10.Bh4 Qe7 11.e3 Na6 12.Be2 Nc7 13.a4 b6 14.O-O g5 15.Bg3 Rd8 16.f4 Bb7
17.fxg5 hxg5 18.Rf5 Bh6 19.Qd3 Bc8 20.Rf2 Nce8 21.Raf1 Rb8 22.e4 Ba6 23.b3 Rb7
24.Bd1 Bg7 25.Rf5 Nh7 26.Bc2 Bd4+ 27.Bf2 Be5 28.Nb5 Bxb5 29.axb5 f6 30.Qh3 Nf8
31.Be3 Ng6 32.g3 Qh7 33.Qg4 Ng7 34.Rxf6 Bxf6 35.Rxf6 Rf7 36.e5 Rxf6 37.exf6 Nh5
38.Qe6+ Kh8 39.Nxd6 Rf8 40.f7  1-0

[Event "Metalis Open"]
[Site "Bizovac CRO"]
[Date "2000.02.25"]
[Round "4"]
[White "Palac,M"]
[Black "Feletar,D"]
[Result "1-0"]
[WhiteElo "2570"]
[BlackElo "2410"]

1.d4 Nf6 2.Nf3 e6 3.c4 c5 4.d5 exd5 5.cxd5 d6 6.Nc3 g6 7.h3 Bg7 8.e4 O-O
9.Bd3 a6 10.a4 Nbd7 11.O-O Re8 12.Re1 Ne5 13.Nxe5 Rxe5 14.Bf4 Re8 15.a5 Nh5
16.Bh2 Be5 17.Bxe5 Rxe5 18.Qd2 Qh4 19.Bf1 Bd7 20.g3 Rg5 21.Ne2 Nf6 22.Bg2 Qh6
23.h4 Rh5 24.Qxh6 Rxh6 25.f4 Ng4 26.Nc3 f6 27.Na4 Bxa4 28.Rxa4 Re8 29.Ra3 f5
30.Rb3 Re7 31.Rb6 g5 32.hxg5 Rg6 33.Bf3 h6 34.Re2 Rgg7 35.exf5 Rxe2 36.Bxe2 hxg5
37.Bxg4 gxf4 38.Bf3  1-0

[Event "Caissa Open"]
[Site "Kharkov UKR"]
[Date "2000.03.02"]
[Round "9"]
[White "Askarian,K"]
[Black "Shalimov,V UKR"]
[Result "0-1"]
[WhiteElo "2274"]
[BlackElo "2400"]

1.d4 Nf6 2.c4 c5 3.d5 e6 4.Nc3 exd5 5.cxd5 d6 6.Nf3 g6 7.g3 Bg7 8.Bg2 O-O
9.O-O a6 10.a4 Nbd7 11.Nd2 Re8 12.h3 Rb8 13.Nc4 Nb6 14.Na3 Bd7 15.Re1 Qc7
16.a5 Nc8 17.Nc4 Bb5 18.Ne3 Na7 19.Bd2 Nd7 20.Kh2 f5 21.Qc1 Ne5 22.f4 Nf7
23.Ned1 Bd7 24.Nf2 Re7 25.e3 Rbe8 26.Na4 Bxa4 27.Rxa4 Nb5 28.Rc4 Qd7 29.b4 cxb4
30.Bxb4 Kh8 31.Bd2 Nh6 32.Qd1 Rc8 33.Qa4 Ng8 34.g4 Nf6 35.Bf3 Rxc4 36.Qxc4 Qe8
37.Qd3 Nd7 38.gxf5 Nd4 39.Bg2 Nc5 40.Qb1 Ndb3 41.Bc1 Nxc1 42.Qxc1 gxf5 43.Qb1 Qf7
44.Qb6 Rd7 45.Bf3 Qe7 46.Re2 Rd8 47.Qb2 Bxb2  0-1

[Event "Oz.com qualifier blitz"]
[Site "Internet ICC"]
[Date "2000.03.05"]
[Round "7"]
[White "Demirel,T"]
[Black "Au,L"]
[Result "1-0"]
[WhiteElo "2203"]
[BlackElo "2260"]

1.d4 Nf6 2.c4 e6 3.Nf3 c5 4.d5 exd5 5.cxd5 d6 6.Nc3 g6 7.e4 Bg7 8.h3 O-O
9.Bd3 a6 10.a4 Re8 11.O-O Qe7 12.Re1 Nbd7 13.Bf4 Nh5 14.Bh2 g5 15.Qd2 h6
16.g4 Nhf6 17.e5 dxe5 18.Nxe5 Nxe5 19.Rxe5 Qd8 20.Rxe8+ Nxe8 21.Re1 Bd7 22.d6 Nf6
23.Bc4 Qb6 24.Re7 Rf8 25.Be5 Bc6 26.Qc2 Qb4 27.b3 b5 28.axb5 axb5 29.Be6 c4
30.Bxf6 Bxf6 31.Qg6+ Bg7 32.Rxf7 Rxf7 33.Qxf7+ Kh7 34.Qg8+ Kg6 35.Bf5+ Kf6
36.Qe6+  1-0

[Event "FSIMB March"]
[Site "Budapest HUN"]
[Date "2000.03.15"]
[Round "10"]
[White "Rat,D"]
[Black "Cooke,E"]
[Result "1/2-1/2"]
[WhiteElo "2366"]
[BlackElo "2266"]

1.d4 Nf6 2.c4 e6 3.Nf3 c5 4.d5 exd5 5.cxd5 d6 6.Nc3 g6 7.Bf4 a6 8.a4 Bg7
9.e3 O-O 10.Be2 Qe7 11.O-O Nbd7 12.h3 Rb8 13.Re1 Ne8 14.Nd2 Ne5 15.Bg3 Nc7
16.f4 Nd7 17.e4 b5 18.Qc2 c4 19.Bf1 Bb7 20.Rad1 Nc5 21.axb5 axb5 22.b4 cxb3
23.Nxb3 b4 24.Na2 Nxb3 25.Qxb3 Qf6 26.e5 dxe5 27.fxe5 Qg5 28.h4 Qg4 29.Be2 Qd7
30.Bf3 Rfd8 31.e6 fxe6 32.dxe6 Bd4+ 33.Kh1 Qe7 34.Bxc7 Bxf3 35.Bxd8 Bxd1
36.Bxe7 Bxb3 37.Nxb4 Re8 38.Bd6  1/2-1/2

[Event "16th Spring Festival"]
[Site "Budapest HUN"]
[Date "2000.03.20"]
[Round "4"]
[White "Pataki,G"]
[Black "Bordas,G"]
[Result "1-0"]
[WhiteElo "2267"]
[BlackElo "2132"]

1.d4 c5 2.d5 e6 3.c4 exd5 4.cxd5 d6 5.Nc3 Nf6 6.Nf3 Nbd7 7.h3 h6 8.Bf4 g5
9.Bh2 Bg7 10.e3 O-O 11.Bxd6 Re8 12.Bb5 Qb6 13.Bh2 Ne4 14.Nxe4 Rxe4 15.Bd3 Qxb2
16.Bxe4 Qxa1 17.Qxa1 Bxa1 18.O-O Bg7 19.Nd2 b6 20.d6 Rb8 21.Bc6 Be5 22.f4 gxf4
23.Nf3 f6 24.exf4 Bd4+ 25.Nxd4 cxd4 26.Rd1 b5 27.Rxd4 Rb6 28.Bd5+ Kg7 29.f5 Bb7
30.Rg4+ Kh7 31.Bg8+ Kh8 32.Be6 Bc6 33.Rg8+ Kh7 34.Rc8 a5 35.Bxd7  1-0

[Event "4NCL"]
[Site "Birmingham ENG"]
[Date "2000.03.25"]
[Round "7"]
[White "Bates,Ri"]
[Black "Emms,J"]
[Result "1-0"]
[WhiteElo "2368"]
[BlackElo "2546"]

1.d4 Nf6 2.Nf3 e6 3.c4 c5 4.d5 d6 5.Nc3 exd5 6.cxd5 g6 7.h3 a6 8.e4 b5 9.Bd3 Bg7
10.O-O c4 11.Bc2 O-O 12.Bf4 Re8 13.Re1 Bb7 14.Qd2 Qb6 15.Bh6 Bh8 16.Ne2 Nbd7
17.Ng3 Rac8 18.Be3 Nc5 19.Bd4 a5 20.Nf5 Qd8 21.Nh6+ Kf8 22.Ng5 Rc7 23.Bxf6 Bxf6
24.Nxh7+ Kg7 25.Nxf6 Qxf6 26.Ng4 Qd8 27.Qh6+ Kg8 28.Qf4 Kg7 29.e5 dxe5 30.Rxe5 Rxe5
31.Qxe5+ Kg8 32.d6 Rc6 33.Nh6+ Kh7 34.Nxf7  1-0

[Event "4NCL"]
[Site "Birmingham ENG"]
[Date "2000.03.26"]
[Round "8"]
[White "Henderson,J"]
[Black "Kinsman,A"]
[Result "0-1"]
[WhiteElo "2180"]
[BlackElo "2399"]

1.d4 Nf6 2.Nf3 c5 3.d5 e6 4.c4 exd5 5.cxd5 d6 6.Nc3 g6 7.e4 Bg7 8.h3 O-O
9.Bf4 Re8 10.Bd3 Nxe4 11.Nxe4 f5 12.Ng5 fxe4 13.Nxe4 Bf5 14.f3 c4 15.Bc2 Qa5+
16.Kf1 Bxe4 17.Bxe4 Bxb2 18.Rb1 c3 19.Qc2 Nd7 20.Bxg6 Re7 21.Be4 Nf6 22.Bg5 Nxe4
23.Bxe7 Nd2+ 24.Kg1 Qxd5 25.Re1 Qd4+ 26.Kh2 Qf4+ 27.g3 Nxf3+ 28.Kg2 Nxe1+
29.Rxe1 Qd2+ 30.Qxd2 cxd2 31.Rd1 Bc3  0-1

[Event "It"]
[Site "Tel Aviv ISR"]
[Date "2000.03.27"]
[Round "7"]
[White "Mikhalevski,A"]
[Black "Marin,M"]
[Result "1/2-1/2"]
[WhiteElo "2479"]
[BlackElo "2555"]

1.d4 Nf6 2.c4 e6 3.Nf3 c5 4.d5 d6 5.Nc3 exd5 6.cxd5 g6 7.e4 a6 8.a4 Bg4 9.Be2 Bg7
10.Nd2 Bxe2 11.Qxe2 Nbd7 12.Nc4 Nb6 13.e5 dxe5 14.Qxe5+ Kf8 15.Nxb6 Qxb6
16.a5 Qd8 17.O-O Ne8 18.Qg3 Nd6 19.Bf4 Nf5 20.Qd3 Bd4 21.g4 Ng7 22.Ne4 h5
23.Ra4 hxg4 24.Rxd4 Rh3 25.Qc4 cxd4 26.Bc7 Qh4 27.Bg3 Qd8 28.Bc7 Qh4 29.Bg3 Qd8
30.Bc7  1/2-1/2

[Event "21st Open A"]
[Site "Bled SLO"]
[Date "2000.03.29"]
[Round "5"]
[White "Borovikov,V"]
[Black "Bu Xiangzhi"]
[Result "1-0"]
[WhiteElo "2472"]
[BlackElo "2565"]

1.d4 Nf6 2.Nf3 e6 3.c4 c5 4.d5 exd5 5.cxd5 d6 6.Nc3 g6 7.h3 Bg7 8.e4 O-O
9.Bd3 b5 10.Nxb5 Nxe4 11.Bxe4 Re8 12.Ng5 Ba6 13.a4 Bxb5 14.axb5 Bxb2 15.Ra4 Bc3+
16.Kf1 Nd7 17.Qc2 Bg7 18.g3 Nb6 19.Ra3 Qd7 20.Kg2 h6 21.Nf3 c4 22.Qb1 f5
23.Bc2 Nxd5 24.Bb2 Rab8 25.Bxg7 Qxg7 26.Qa2 Rec8 27.Rxa7 Qf6 28.Rd1 Rxb5
29.Ra8 Rxa8 30.Qxa8+ Qf8 31.Qa6 Nc7 32.Qxd6  1-0

[Event "Schloss Open"]
[Site "Werther GER"]
[Date "2000.04.14"]
[Round "1"]
[White "Simonenko,S"]
[Black "Sehm,D"]
[Result "1-0"]
[WhiteElo "2440"]
[BlackElo "2107"]

1.d4 Nf6 2.c4 e6 3.Nf3 c5 4.d5 exd5 5.cxd5 d6 6.Nc3 g6 7.e4 Bg7 8.Bd3 O-O
9.h3 Re8 10.O-O a6 11.a4 b6 12.Bf4 Qc7 13.Re1 Nbd7 14.Bh2 h6 15.Rc1 Nf8 16.e5 dxe5
17.Nxe5 Qd8 18.Qb3 N8d7 19.Nxf7 Rxe1+ 20.Rxe1 Qf8 21.Bxg6 Bb7 22.d6 c4 23.Qxc4 Rc8
24.Nxh6+ Kh8 25.Nf7+ Kg8 26.Qh4 Rc5 27.Ng5 Bh6  1-0

[Event "XXXI Open"]
[Site "Mar del Plata ARG"]
[Date "2000.04.18"]
[Round "4"]
[White "Labollita,M"]
[Black "Rosito,J"]
[Result "1-0"]
[WhiteElo "2261"]
[BlackElo "2374"]

1.d4 Nf6 2.c4 e6 3.Nf3 c5 4.d5 d6 5.Nc3 exd5 6.cxd5 g6 7.h3 a6 8.a4 Qe7 9.Ra3 Bg7
10.e4 O-O 11.Bd3 Nbd7 12.O-O Ne8 13.Bg5 f6 14.Bh4 Nc7 15.e5 Nxe5 16.Nxe5 Qxe5
17.Re1 Qh5 18.Qxh5 gxh5 19.Ne4 Re8 20.Rd1 c4 21.Bb1 Bf5 22.Nxd6 Bxb1 23.Nxe8 Rxe8
24.Rxb1 Nxd5 25.Rd1 Nf4 26.Rd7 Nd3 27.Rc7 Re1+ 28.Kh2 Re4 29.Bg3 h4 30.Bd6 Re6
31.Be7 Nxb2 32.Rxb7 Nd3 33.Rc3 Rc6 34.Rd7 Nxf2 35.Rd4 Re6 36.Bc5 Ne4 37.Rcxc4 f5
38.Rd8+ Kf7 39.Bd4 Bxd4 40.Rcxd4 Kf6 41.R4d5 Kg5 42.Rg8+ Kf4 43.Rd3 Ng3 44.Rd4+ Ne4
45.Rd3 Ng3 46.Rf3+ Ke5 47.Rh8 h6 48.Rb8 Rc6 49.Re3+ Ne4 50.Rf3 Nf6 51.Rb4  1-0

[Event "XXXI Open"]
[Site "Mar del Plata ARG"]
[Date "2000.04.22"]
[Round "8"]
[White "Slipak,S"]
[Black "Rosito,J"]
[Result "1-0"]
[WhiteElo "2503"]
[BlackElo "2374"]

1.d4 Nf6 2.c4 e6 3.Nf3 c5 4.d5 d6 5.Nc3 exd5 6.cxd5 g6 7.Bg5 h6 8.Bh4 g5
9.Bg3 Nh5 10.e3 Nxg3 11.hxg3 Bg7 12.Bd3 O-O 13.Qc2 Na6 14.a3 Re8 15.Bh7+ Kh8
16.Bf5 Qf6 17.g4 Nc7 18.O-O-O b5 19.Ne4 Rxe4 20.Bxe4 Bxg4 21.Rd2 Rb8 22.Nh2 Bd7
23.Nf1 b4 24.axb4 Na6 25.Ng3 Nxb4 26.Qc4 Bb5 27.Qb3 Qe7 28.Bb1 Ba6 29.Nf5 Qd7
30.Qa3 c4 31.Nxg7 Kxg7 32.Qc3+ f6 33.Rxh6  1-0

[Event "ch-RUS Women"]
[Site "Elista RUS"]
[Date "2000.05.16"]
[Round "6"]
[White "Chasovnikova,E"]
[Black "Sirotkina,N"]
[Result "0-1"]
[WhiteElo "2185"]
[BlackElo "2284"]

1.d4 Nf6 2.Nf3 e6 3.c4 c5 4.d5 exd5 5.cxd5 d6 6.Nc3 g6 7.g3 Bg7 8.Bg2 O-O
9.O-O Na6 10.Nd2 Nc7 11.Nc4 Nfe8 12.a4 b6 13.Bf4 Ba6 14.Na3 f5 15.Re1 Nf6
16.h3 Nh5 17.Bc1 Be5 18.Ncb5 f4 19.g4 Ng7 20.Nc4 Bxb5 21.Nxe5 Ba6 22.Nd3 Qf6
23.Rb1 Qd4 24.b4 f3 25.Bxf3 Rxf3 26.Bb2 Rg3+ 27.Kh2 Rxd3 28.Bxd4 Rxd1 29.Rbxd1 cxd4
30.Rxd4 Nce8 31.e4 g5 32.e5 Rd8 33.Kg3 Bb7 34.h4 dxe5 35.Rxe5 gxh4+ 36.Kxh4 Rd7
37.f4 Nd6 38.f5 Kf7 39.Kg5 h6+ 40.Kf4 Kf6 41.Re1 Nf7 42.Red1 h5 43.a5 b5
44.d6 hxg4 45.a6 Bf3 46.Rc1 Nxd6 47.Rc5 Nh5+ 48.Ke3 Re7+ 49.Kd3 Nxf5 50.Rd8 Nf4+
51.Kc3 Ne6  0-1